000 00947nam a2200253 a 4500
001 71276
003 BD-RjUL
005 20211209082109.0
008 170430r19151907ilu 001 0 eng d
035 _a(BD-RjUL)71491
040 _aDLC
_cOU
_dOCoLC
_dBD-RjUL
_beng
041 _aeng
082 _223
_a335.4
_bBOT 1915
100 1 _aBoudin, Louis B.
_q(Louis Boudianoff),
_d1874-1952.
_9210885
245 1 4 _aThe theoretical system of Karl Marx in the light of recent criticism /
_cby Louis B. Boudin
260 _aChicago :
_bC. H. Kerr & Company,
_cc1907 [printing 1915]
300 _av, 286 p. ;
_c20 cm.
500 _a"The present volume is substantially a reprint of a series of articles which appeared in the International socialist review from May, 1905, to October, 1906."--Pref.
600 1 0 _aMarx, Karl,
_d1818-1883.
_9211280
650 0 _aSocialism.
_9210887
650 0 _aEconomics.
_9210888
942 _2ddc
_cBK
999 _c71276
_d71276